Hệ thống pháp luật dân sự Việt Nam

Spremljeno u:
Bibliografski detalji
Glavni autor: Vũ, Duy Khang
Format: Knjiga
Jezik:Undetermined
Izdano: Hà Nội Thống kê 2004
Teme:
Oznake: Dodaj oznaku
Bez oznaka, Budi prvi tko označuje ovaj zapis!
Thư viện lưu trữ: Trung tâm Học liệu Trường Đại học Cần Thơ
LEADER 00583nam a2200205Ia 4500
001 CTU_92285
008 210402s9999 xx 000 0 und d
020 |c 89000 
082 |a 346.597 
082 |b Kh106 
100 |a Vũ, Duy Khang 
245 0 |a Hệ thống pháp luật dân sự Việt Nam 
245 0 |c Vũ Duy Khang 
260 |a Hà Nội 
260 |b Thống kê 
260 |c 2004 
650 |a Civil law ( vietnamese law ) 
650 |x Outlines,syllabi,etc 
904 |i Trúc(Tuyen) 
980 |a Trung tâm Học liệu Trường Đại học Cần Thơ